000 00337nam a2200097Ia 4500
008 220120s9999||||xx |||||||||||||| ||und||
100 _aAswanth, Midhun and Sreejith
_912644
245 0 _aRF reader for vehicle detection/ RF sonar device
260 _aCoorg Institute of Technology
_bPonnampet
_c2003
650 _aELECTRONICS AND COMMUNICATIONS
999 _c138243
_d138243